000 00398nab a2200145Ia 4500
003 ES-SlBCS
005 20210601131729.0
008 140529s1952 xxu||||| |||| 00| 0 fre d
041 _afre
100 1 _aTruptil, R.
_9188378
245 0 0 _aAngoisses britanniques
_c R. Truptil
650 0 4 _aBritánicos
_9188379
773 0 _tVie Intelectuelle (La)
_gnº. 3, 1952, págs. 81-83
_wRev907
942 _cAR
999 _c567788
_d567788